000 00969nam0a22002291i 4500
001 rc\339616
005 20240726094203.0
035 _a(NLR Aleph) 008759959
090 _a7859249
_c7859249
100 _a20030307d1989 u |0rusy50 ca
101 0 _arus
102 _aRU
105 _aa |||||||||
200 1 _aЭкономико-экологическая оптимизация технологических процессов в микробиологической промышленности
_e(На прим. пр-ва пролина)
_eАвтореф. дис. на соиск. учен. степ. канд. экон. наук
_e(08.00.13)
_fЕрев. гос. ун-т
210 _aЕреван
_d1989
215 _a18 с.
_cсхем.
320 _aБиблиогр.: с. 18 (6 назв.)
700 1 _aПогосян
_bС.С.
_gСветлана Саркисовна
801 0 _aRU
_bNLR
_gpsbo
801 1 _aRU
_bELAR
_2rusmarc
852 _aNLR
_jА90/6176
942 _cBOOK